000 00859nam a2200265Ia 4500
003 OSt
005 20220918171336.0
006 a|||||r|||| 00| 0
007 ta
008 220917b |||||||| |||| 00| 0 eng d
020 _a9781509515486 (pbk)
_cUSD 24.95
024 _a354,381
037 _b14479, 14/12/2021, Elite Publishers Distributors
_cTextual
040 _aARTS
_cARTS
_beng
041 _2eng
_aeng
082 _aS:(R), R1
100 _aMiyazono Kengo Au.
_935965
245 0 _aPhilosophy of psychology
_b an introduction
260 _aCambridge
_bPolity UK
_c2021
300 _ax,288p.
_ccm.
650 _aPHILOSOPHY; PSYCHOLOGY
700 _a Bortolotti Lisa Au.
_935966
942 _hS:(R), R1
_cTEXL
_2CC
999 _c139140
_d139140